[Event "Campeonato Nacional da 1ª divisão"]
[Site "Torres Vedras"]
[Date "2011.07.27"]
[Round "5.5"]
[White "Hammes, Michael Florian"]
[Black "Santos, José Luis Machado Al"]
[Result "1-0"]
[WhiteElo "2391"]
[BlackElo "2225"]
[PlyCount "69"]
[EventDate "2011.07.23"]

1. d4 d5 2. Nf3 e6 3. c4 c6 4. Nbd2 f5 5. g3 Nf6 6. Bg2 Be7 7. O-O O-O 8. Ne5
Nbd7 9. Ndf3 Nxe5 10. Nxe5 Nd7 11. Bf4 g5 12. Nxd7 Bxd7 13. Be5 dxc4 14. a4 Rc8
15. Qc2 b5 16. axb5 cxb5 17. Rxa7 Bf6 18. Bxf6 Rxf6 19. Qd2 Rf7 20. d5 f4 21.
Qd4 exd5 22. Qxd5 Be8 23. Rd1 Qxd5 24. Bxd5 b4 25. Bxf7+ Bxf7 26. Rdd7 c3 27.
bxc3 bxc3 28. Rac7 Rb8 29. Rxc3 Be6 30. Rd1 Kg7 31. f3 h5 32. Kf2 fxg3+ 33.
hxg3 h4 34. gxh4 gxh4 35. Rd6 1-0

[Event "Campeonato Nacional da 1ª divisão"]
[Site "Torres Vedras"]
[Date "2011.07.27"]
[Round "5.6"]
[White "Silva, Fernando Mário Pires"]
[Black "Lanzani, Mario Lorenzo"]
[Result "0-1"]
[WhiteElo "2364"]
[BlackElo "2357"]
[PlyCount "112"]
[EventDate "2011.07.23"]

1. c4 e5 2. Nc3 Nf6 3. g3 Nc6 4. Bg2 Bc5 5. e3 d5 6. Nxd5 Nxd5 7. cxd5 Nb4 8.
Qb3 c6 9. a3 Nxd5 10. Ne2 O-O 11. O-O Qe7 12. Nc3 Nf6 13. Qc2 a5 14. Na4 Ba7
15. b4 Bg4 16. f3 Be6 17. bxa5 Bb8 18. Nc5 Rxa5 19. Nxe6 Qxe6 20. Bb2 Bd6 21.
Rfb1 Rfa8 22. Bc3 R5a7 23. a4 Nd5 24. f4 Nxc3 25. Qxc3 h5 26. Qb3 Qg4 27. Qd3
Bc7 28. Kf2 exf4 29. gxf4 Rd8 30. Qe2 Qh4+ 31. Kg1 g5 32. Qe1 Qxe1+ 33. Rxe1
Rxd2 34. fxg5 Ra5 35. h4 Bg3 36. Red1 Rxd1+ 37. Rxd1 Rxa4 38. Bf3 Bxh4 39. Rd7
Bxg5 40. Rxb7 Bxe3+ 41. Kg2 c5 42. Bxh5 f5 43. Kf3 Ra3 44. Bf7+ Kf8 45. Rb3
Rxb3 46. Bxb3 f4 47. Ke4 Ke7 48. Bc4 Kf6 49. Be2 Kg5 50. Bd3 Kg4 51. Bc4 Kg3
52. Be2 Kf2 53. Bc4 Bc1 54. Bd3 Kg3 55. Kd5 Be3 56. Ke4 f3 0-1

[Event "Campeonato Nacional da 1ª divisão"]
[Site "Torres Vedras"]
[Date "2011.07.27"]
[Round "5.6"]
[White "Coimbra, Margarida Gonçalves "]
[Black "Eggert, Alberto"]
[Result "1/2-1/2"]
[WhiteElo "2113"]
[BlackElo "2161"]
[PlyCount "92"]
[EventDate "2011.07.23"]

1. e4 e6 2. d4 c5 3. c3 Nf6 4. e5 Nd5 5. Nf3 cxd4 6. cxd4 Nc6 7. Bc4 d6 8. O-O
Be7 9. exd6 Qxd6 10. Nc3 a6 11. Re1 O-O 12. Bb3 Rd8 13. Qe2 Nf6 14. Be3 b5 15.
a3 Bb7 16. Rad1 b4 17. d5 bxc3 18. dxc6 Qxc6 19. Rc1 Qb5 20. Rxc3 Bxf3 21. Qxf3
Nd5 22. Bxd5 Rxd5 23. b4 Rad8 24. Rc7 Bf6 25. g3 Qd3 26. a4 Rf5 27. Qb7 Bc3 28.
Rc1 Bb2 29. Rf1 h5 30. h4 Be5 31. Rc8 Rxc8 32. Qxc8+ Kh7 33. Re1 Bc3 34. Rc1
Bxb4 35. Rc7 Be1 36. Qb7 Qd1 37. Kg2 Qe2 38. Rxf7 Qg4 39. Rxf5 exf5 40. Qxa6
Qe4+ 41. Kg1 Bc3 42. Qb5 Be5 43. Qe8 Qb1+ 44. Kh2 Bxg3+ 45. fxg3 Qc2+ 46. Kg1
Qe2 1/2-1/2

[Event "Campeonato Nacional da 1ª divisão"]
[Site "Torres Vedras"]
[Date "2011.07.27"]
[Round "5.6"]
[White "Vasconcellos, Renato Fialho de Men"]
[Black "Rego, Pedro Filipe Pinho"]
[Result "0-1"]
[WhiteElo "2069"]
[BlackElo "2112"]
[PlyCount "68"]
[EventDate "2011.07.23"]

1. c4 e5 2. g3 Nc6 3. Bg2 f5 4. Nc3 Nf6 5. a3 Be7 6. e3 e4 7. d3 exd3 8. Qxd3
Ne5 9. Qe2 O-O 10. Nf3 d6 11. O-O c6 12. b3 Nxf3+ 13. Bxf3 Ng4 14. Bb2 Ne5 15.
Bg2 Qb6 16. Qc2 Be6 17. Ne2 Bf7 18. Nf4 g5 19. Bd4 Qc7 20. Nd3 Ng6 21. f4 g4
22. e4 Qd7 23. Rad1 d5 24. Nc5 Bxc5 25. Bxc5 Rfd8 26. exf5 Ne7 27. f6 Nf5 28.
cxd5 cxd5 29. Rfe1 Re8 30. Rxe8+ Rxe8 31. Bf1 Ne3 32. Bxe3 Rxe3 33. Qc5 Qe6 34.
Qe7 Qb6 0-1

[Event "Campeonato Nacional da 1ª divisão"]
[Site "Torres Vedras"]
[Date "2011.07.27"]
[Round "5.6"]
[White "Afonso, Sara Cerqueira"]
[Black "Cruz, Paulo Alexandre Rosa"]
[Result "0-1"]
[WhiteElo "1743"]
[BlackElo "2078"]
[PlyCount "62"]
[EventDate "2011.07.23"]

1. Nf3 d6 2. e4 Nf6 3. Nc3 e5 4. d4 Nbd7 5. Bc4 Be7 6. O-O O-O 7. a4 a5 8. Re1
c6 9. h3 Ne8 10. Be3 Bf6 11. Qd2 Nc7 12. Rad1 Qe7 13. d5 c5 14. Qe2 Rd8 15. Nb5
Ne8 16. b3 h6 17. Nh2 g5 18. Qh5 Bg7 19. Ng4 Qf8 20. Bd3 Nef6 21. Nxf6+ Nxf6
22. Qf3 Qe7 23. Bd2 g4 24. hxg4 Bxg4 25. Qg3 Bxd1 26. Rxd1 Nh5 27. Qg4 Nf4 28.
Bxf4 exf4 29. Qxf4 Qg5 30. Qf3 Be5 31. g3 Kg7 0-1

[Event "Campeonato Nacional da 1ª divisão"]
[Site "Torres Vedras"]
[Date "2011.07.27"]
[Round "5.7"]
[White "Castro, Francisco"]
[Black "Andres Gonzalez, Alberto"]
[Result "0-1"]
[WhiteElo "2105"]
[BlackElo "2506"]
[PlyCount "68"]
[EventDate "2011.07.23"]

1. e4 d5 2. d4 dxe4 3. Nc3 c6 4. Nxe4 Bf5 5. Ng3 Bg6 6. h4 h6 7. Nf3 Nf6 8. h5
Bh7 9. Bd3 Bxd3 10. Qxd3 e6 11. Bf4 Qa5+ 12. Bd2 Bb4 13. c3 Bd6 14. Ne4 Nxe4
15. Qxe4 Nd7 16. a3 Nf6 17. Qc2 c5 18. c4 Qa6 19. dxc5 Bxc5 20. b4 Be7 21. Ne5
O-O 22. Rh3 Bd6 23. f4 Rac8 24. c5 b6 25. Qd3 Qxd3 26. Nxd3 bxc5 27. bxc5 Be7
28. Rb1 Rfd8 29. Rb7 Bxc5 30. Nxc5 Rxc5 31. Rxa7 Rc2 32. Bb4 Rxg2 33. Kf1 Rc2
34. Rf3 Nxh5 0-1

[Event "Campeonato Nacional da 1ª divisão"]
[Site "Torres Vedras"]
[Date "2011.07.27"]
[Round "5.7"]
[White "Andres Gonzalez, Ivan"]
[Black "Pires, Gustavo"]
[Result "1/2-1/2"]
[WhiteElo "2331"]
[BlackElo "2050"]
[PlyCount "36"]
[EventDate "2011.07.23"]

1. e4 e6 2. d4 d5 3. Nc3 Nf6 4. Bg5 Bb4 5. e5 h6 6. Bd2 Bxc3 7. bxc3 Ne4 8. Bd3
Nxd2 9. Qxd2 c5 10. Nf3 Qa5 11. O-O Nc6 12. Qe3 c4 13. Be2 Qa4 14. Qd2 Bd7 15.
Rfb1 O-O-O 16. a3 Rdf8 17. Rb2 b6 18. Bf1 Kb7 1/2-1/2

[Event "Campeonato Nacional da 1ª divisão"]
[Site "Torres Vedras"]
[Date "2011.07.27"]
[Round "5.7"]
[White "Valente, João"]
[Black "Andrade, Bruno"]
[Result "1/2-1/2"]
[WhiteElo "1581"]
[BlackElo "2104"]
[PlyCount "75"]
[EventDate "2011.07.23"]

1. e4 c5 2. Nc3 d6 3. g3 Nc6 4. Bg2 g6 5. d3 Bg7 6. f4 e6 7. Nf3 Nge7 8. O-O
Nd4 9. Be3 O-O 10. e5 Nef5 11. Bf2 Nxf3+ 12. Qxf3 Nd4 13. Qd1 dxe5 14. fxe5
Bxe5 15. Ne4 Qc7 16. c3 Nf5 17. Bxc5 Rd8 18. d4 Bg7 19. Qe1 h5 20. h3 e5 21. g4
hxg4 22. hxg4 Nh6 23. Qh4 Nxg4 24. Ng5 Nh6 25. Rxf7 Qxf7 26. Nxf7 Nxf7 27. Be7
Re8 28. Bd5 Bf5 29. Bxb7 Rab8 30. Bc6 Rec8 31. Ba4 exd4 32. cxd4 Rc4 33. Bb3
Rxd4 34. Qh2 Rg4+ 35. Kf1 Rb5 36. Rd1 Be5 37. Qe2 Rf4+ 38. Kg1 1/2-1/2

[Event "Campeonato Nacional da 1ª divisão"]
[Site "Torres Vedras"]
[Date "2011.07.27"]
[Round "5.7"]
[White "Santos, João Artur Almeida d"]
[Black "Silva, Tiago Óscar"]
[Result "1-0"]
[WhiteElo "1990"]
[BlackElo "1547"]
[PlyCount "107"]
[EventDate "2011.07.23"]

1. e4 c5 2. Nf3 Nc6 3. d4 cxd4 4. Nxd4 g6 5. c4 Bg7 6. Be3 Nf6 7. Nc3 O-O 8.
Be2 d6 9. O-O Nxd4 10. Bxd4 Be6 11. Rc1 a6 12. f4 Rc8 13. b3 Qa5 14. Bf3 Nh5
15. f5 Bxd4+ 16. Qxd4 Bd7 17. Bxh5 gxh5 18. Nd5 Rce8 19. Rf3 f6 20. Rg3+ Kh8
21. Qd1 Rf7 22. Qxh5 Rg7 23. Rxg7 Kxg7 24. a4 Qd2 25. Qd1 Qa5 26. Qe1 Qc5+ 27.
Kh1 Qa3 28. Qc3 Kf7 29. Ra1 Qc5 30. Qe3 Qa5 31. b4 Qd8 32. Qb6 Qxb6 33. Nxb6
Bc6 34. Nd5 Rc8 35. Nb6 Rc7 36. Re1 Bd7 37. Kg1 e6 38. Nxd7 Rxd7 39. Kf2 Rc7
40. Rc1 exf5 41. exf5 b5 42. axb5 axb5 43. c5 dxc5 44. bxc5 b4 45. Ke3 b3 46.
Kd4 Re7 47. Kc3 Rb7 48. Rb1 Re7 49. Kxb3 Re5 50. Rc1 Rxf5 51. c6 Rb5+ 52. Kc4
Rb8 53. c7 Rc8 54. Kd5 1-0

[Event "Campeonato Nacional da 1ª divisão"]
[Site "Torres Vedras"]
[Date "2011.07.27"]
[Round "5.8"]
[White "Garcia Romero, Benjamin Abel "]
[Black "Silva, António Augusto Maga"]
[Result "1-0"]
[WhiteElo "2255"]
[BlackElo "2222"]
[PlyCount "81"]
[EventDate "2011.07.23"]

1. d4 f5 2. g3 Nf6 3. Bg2 e6 4. b3 c6 5. Nf3 d5 6. O-O Bd6 7. Ba3 Bxa3 8. Nxa3
Qe7 9. Qc1 b6 10. c4 Bb7 11. Qb2 a5 12. Rac1 Nbd7 13. Rfd1 O-O 14. e3 Ne4 15.
Bf1 g5 16. Nc2 f4 17. exf4 gxf4 18. Nce1 Qg7 19. cxd5 exd5 20. Bg2 fxg3 21.
hxg3 Rf7 22. Rc2 Raf8 23. Rd3 Qh6 24. Qc1 Qh5 25. Re3 c5 26. Qa1 Ba6 27. dxc5
bxc5 28. Qb2 Rf6 29. Nh4 Nxf2 30. Bf3 Nh3+ 31. Kh2 Qh6 32. Bxd5+ Kh8 33. Re7
Bc8 34. Be6 Ng5 35. Bxd7 Bxd7 36. Rxd7 Ne6 37. Qe5 Ng7 38. Neg2 Re8 39. Qc3 Qg5
40. Nf3 Qf5 41. Ngh4 1-0

[Event "Campeonato Nacional da 1ª divisão"]
[Site "Torres Vedras"]
[Date "2011.07.27"]
[Round "5.8"]
[White "Arauz Alonso, Fernando"]
[Black "Cordovil, João Maria da Câmara"]
[Result "1-0"]
[WhiteElo "2123"]
[BlackElo "2195"]
[PlyCount "107"]
[EventDate "2011.07.23"]

1. d4 d5 2. Nf3 Nf6 3. e3 c6 4. c4 a6 5. Bd3 g6 6. b3 Bg7 7. Bb2 b5 8. Nbd2 Bf5
9. Qc2 Bxd3 10. Qxd3 Nbd7 11. O-O bxc4 12. bxc4 O-O 13. Rab1 Re8 14. Rfc1 e6
15. h3 h5 16. Qc2 Qa5 17. Bc3 Qc7 18. Qa4 Reb8 19. Rxb8+ Nxb8 20. Ba5 Qb7 21.
cxd5 Nxd5 22. Nc4 Qb5 23. Qc2 c5 24. a4 Qb7 25. dxc5 Nc6 26. Bb6 Bf8 27. a5 Rc8
28. Qe4 Nf6 29. Qf4 Nd5 30. Qe4 Nf6 31. Qf4 Nd5 32. Qg3 Nxb6 33. Nxb6 Rc7 34.
Nc4 Bxc5 35. Nd6 Bxd6 36. Qxd6 Rc8 37. Rc5 Na7 38. Rxc8+ Qxc8 39. Nd4 Kg7 40.
Qe5+ Kh7 41. Qd6 Kg7 42. Qb6 Qd7 43. Qxa6 e5 44. Nf3 f6 45. Qb6 Nc8 46. Qc5 Qb7
47. Nd2 Na7 48. Nc4 Nc6 49. Nd6 Qa6 50. Nc4 h4 51. Qd5 Kh6 52. Qe6 Qb5 53. Nd6
Qxa5 54. Qxf6 1-0

[Event "Campeonato Nacional da 1ª divisão"]
[Site "Torres Vedras"]
[Date "2011.07.27"]
[Round "5.8"]
[White "Retortillo, Enrique Gallardo"]
[Black "Mansilla Tolosa, Luis"]
[Result "1-0"]
[WhiteElo "2149"]
[BlackElo "2073"]
[PlyCount "93"]
[EventDate "2011.07.23"]

1. d4 d5 2. c4 e6 3. Nf3 Nf6 4. Nc3 Be7 5. Bg5 Nbd7 6. e3 Ne4 7. Bxe7 Qxe7 8.
Rc1 c6 9. Bd3 f5 10. O-O O-O 11. Ne2 Rf6 12. g3 b6 13. Qa4 Bb7 14. cxd5 exd5
15. Ba6 Bxa6 16. Qxa6 Qe8 17. Rc2 Qh5 18. Kg2 Qe8 19. Rfc1 Qc8 20. Qxc8+ Rxc8
21. Nf4 Rd6 22. Ne5 g5 23. Nfd3 Nxe5 24. Nxe5 c5 25. f3 Nf6 26. dxc5 bxc5 27.
Rxc5 Rxc5 28. Rxc5 Ra6 29. Rc8+ Kg7 30. Rc7+ Kg8 31. a3 Rb6 32. Rc8+ Kg7 33.
Rc7+ Kf8 34. b4 a5 35. b5 Ne8 36. Rc5 Ke7 37. Rxd5 Ke6 38. Rc5 Kd6 39. Nd3 Nc7
40. a4 Nd5 41. e4 fxe4 42. fxe4 Nb4 43. e5+ Ke6 44. Nxb4 axb4 45. Rc4 Kxe5 46.
Rxb4 Kd5 47. a5 1-0

[Event "Campeonato Nacional da 1ª divisão"]
[Site "Torres Vedras"]
[Date "2011.07.27"]
[Round "5.8"]
[White "Saraiva, Tânia Andrea Vaz"]
[Black "Gómez Gómez, Francisco Javier "]
[Result "0-1"]
[WhiteElo "1963"]
[BlackElo "2129"]
[PlyCount "50"]
[EventDate "2011.07.23"]

1. e4 c5 2. Nf3 Nc6 3. d4 cxd4 4. Nxd4 Nf6 5. Nc3 e6 6. Nxc6 bxc6 7. Bd3 d5 8.
O-O Be7 9. Re1 O-O 10. Qe2 Re8 11. b3 e5 12. Bb2 Bf8 13. Rad1 Bg4 14. f3 Bh5
15. Kh1 Qa5 16. Rg1 Bc5 17. Rgf1 Bd4 18. g4 Bxc3 19. Bxc3 Qxc3 20. gxh5 Nxh5
21. Qd2 Qc5 22. Qg5 Nf4 23. Rg1 g6 24. Qf6 Nh3 25. Rd2 Qxg1# 0-1

[Event "Campeonato Nacional da 1ª divisão"]
[Site "Torres Vedras"]
[Date "2011.07.28"]
[Round "6.1"]
[White "Camacho Collados, Marcos"]
[Black "Buhmann, Rainer"]
[Result "1/2-1/2"]
[WhiteElo "2404"]
[BlackElo "2582"]
[PlyCount "104"]
[EventDate "2011.07.23"]

1. e4 c6 2. d4 d5 3. exd5 cxd5 4. Bd3 Nc6 5. c3 Qc7 6. h3 Nf6 7. Ne2 g6 8. Bf4
Qb6 9. Qb3 Bf5 10. Bxf5 gxf5 11. Na3 Rc8 12. Qxb6 axb6 13. Nb5 Kd7 14. O-O e6
15. Nc1 Rg8 16. Nd3 Ne4 17. Rfc1 Be7 18. Rc2 Nd6 19. Bxd6 Bxd6 20. Rac1 Rg7 21.
f4 f6 22. Nxd6 Kxd6 23. Re2 Rg3 24. Rd1 Ra8 25. Kh2 Rg7 26. Rde1 Re7 27. a3 Rg8
28. Re3 Na5 29. R3e2 Nc4 30. Rd1 Kd7 31. Nf2 h5 32. h4 Reg7 33. Rg1 Rg3 34. Nh1
R3g7 35. g3 Nd6 36. Nf2 b5 37. Re3 Ne4 38. Nd3 b6 39. Rg2 Kd6 40. Kh3 Kd7 41.
Kh2 Kc6 42. Nb4+ Kb7 43. Kh3 Rd8 44. Nd3 Rdd7 45. Rf3 Rg8 46. Re2 Rdg7 47. Rg2
Ka6 48. Nb4+ Ka5 49. Nc6+ Ka4 50. Kh2 Rc8 51. Nb4 Rgc7 52. Re2 Ka5 1/2-1/2

[Event "Campeonato Nacional da 1ª divisão"]
[Site "Torres Vedras"]
[Date "2011.07.28"]
[Round "6.1"]
[White "Butkiewicz, Lukasz"]
[Black "Guerreiro, Nuno Ricardo de Jesu"]
[Result "1-0"]
[WhiteElo "2435"]
[BlackElo "2070"]
[PlyCount "65"]
[EventDate "2011.07.23"]

1. e4 c5 2. Nf3 Nc6 3. d4 cxd4 4. Nxd4 g6 5. Nc3 Bg7 6. Be3 Nf6 7. Bc4 Qa5 8.
O-O O-O 9. Bb3 d6 10. h3 Bd7 11. f4 Nxd4 12. Bxd4 Bc6 13. Qd3 Qh5 14. Rae1 Qh4
15. f5 gxf5 16. exf5 Rfe8 17. Qd2 b5 18. Be3 a5 19. a3 Qg3 20. Bf4 Qh4 21. Ne2
Ne4 22. Qe3 Bxb2 23. Nd4 Bxd4 24. Qxd4 Nf6 25. Qe3 a4 26. Ba2 Rac8 27. Re2 Nh5
28. Bh2 Qf6 29. g4 Qg7 30. Rfe1 Nf6 31. Bf4 Bd5 32. Bh6 Qh8 33. Qg5+ 1-0

[Event "Campeonato Nacional da 1ª divisão"]
[Site "Torres Vedras"]
[Date "2011.07.28"]
[Round "6.2"]
[White "Gonzalez Perez, Arian"]
[Black "Tivyakov, Sergey Nikolayevich"]
[Result "1/2-1/2"]
[WhiteElo "2490"]
[BlackElo "2623"]
[PlyCount "32"]
[EventDate "2011.07.23"]

1. d4 Nf6 2. c4 e6 3. Nf3 b6 4. g3 Be7 5. Bg2 c6 6. O-O d5 7. Nc3 O-O 8. Ne5
Bb7 9. e4 Na6 10. Be3 Nc7 11. Rc1 dxc4 12. Nxc4 Rc8 13. Qb3 Ng4 14. Bf4 Nb5 15.
Nxb5 cxb5 16. Ne3 Nxe3 1/2-1/2

[Event "Campeonato Nacional da 1ª divisão"]
[Site "Torres Vedras"]
[Date "2011.07.28"]
[Round "6.2"]
[White "Viela, Marco António Folha"]
[Black "Ftacnik, Lubomir"]
[Result "0-1"]
[WhiteElo "2219"]
[BlackElo "2556"]
[PlyCount "116"]
[EventDate "2011.07.23"]

1. e4 c5 2. Nf3 d6 3. Bb5+ Nd7 4. d4 Ngf6 5. O-O a6 6. Bxd7+ Nxd7 7. Re1 cxd4
8. Qxd4 e5 9. Qd1 Be7 10. Nc3 Nb6 11. a4 Be6 12. a5 Nd7 13. Nd5 Rc8 14. c3 O-O
15. Be3 h6 16. Qd2 Nf6 17. Bb6 Qd7 18. Nxf6+ Bxf6 19. Red1 Rc6 20. Ne1 Bb3 21.
Nc2 Bg5 22. Qe2 f5 23. f3 Bc4 24. Qe1 fxe4 25. Qxe4 d5 26. Qxe5 Rg6 27. Bf2
Rxf3 28. Re1 Kh7 29. Nd4 Bf4 30. Nxf3 Bxe5 31. Nxe5 Qb5 32. Nxg6 Kxg6 33. Re6+
Kf7 34. Rb6 Qd7 35. Re1 Bd3 36. Bd4 Be4 37. Rf1+ Kg8 38. Rf2 Qe7 39. b4 Kh7 40.
h3 h5 41. Bc5 Qe5 42. Rxb7 Qxc3 43. Bf8 Qa1+ 44. Rf1 Qd4+ 45. Kh1 Bxg2+ 46.
Kxg2 Qe4+ 47. Rf3 Qe2+ 48. Kg3 Qe1+ 49. Kg2 Qe2+ 50. Rf2 Qe4+ 51. Kf1 Qb1+ 52.
Ke2 Qc2+ 53. Ke3 d4+ 54. Kxd4 Qxf2+ 55. Kc4 Qxf8 56. Rb6 Qc8+ 57. Kd5 Qxh3 58.
Kc5 Qc3+ 0-1

[Event "Campeonato Nacional da 1ª divisão"]
[Site "Torres Vedras"]
[Date "2011.07.28"]
[Round "6.2"]
[White "Pereira, Ruben"]
[Black "Oliveira, Carlos "]
[Result "1-0"]
[WhiteElo "2436"]
[BlackElo "2189"]
[PlyCount "63"]
[EventDate "2011.07.23"]

1. e4 c6 2. d4 d5 3. Nc3 g6 4. h3 Bg7 5. Nf3 Nf6 6. Bd3 dxe4 7. Nxe4 Nxe4 8.
Bxe4 Bf5 9. Qd3 Bxe4 10. Qxe4 Qd5 11. Qe2 b5 12. O-O e6 13. b3 b4 14. a3 c5 15.
Rd1 Qb7 16. Bf4 O-O 17. Bd6 Rc8 18. Bxc5 Na6 19. axb4 Nxb4 20. Ra5 Nd5 21. Rda1
Qb8 22. Ne5 a6 23. c4 Nf4 24. Qf3 Bxe5 25. dxe5 g5 26. Bd6 Qb6 27. g3 Ng6 28.
c5 Qb4 29. c6 Qd4 30. c7 Qb6 31. b4 Rxc7 32. Qxa8+ 1-0

[Event "Campeonato Nacional da 1ª divisão"]
[Site "Torres Vedras"]
[Date "2011.07.28"]
[Round "6.3"]
[White "Galego, Luis Miguel Araújo B"]
[Black "Picard, Romain Antoine"]
[Result "1-0"]
[WhiteElo "2474"]
[BlackElo "2351"]
[PlyCount "77"]
[EventDate "2011.07.23"]

1. c4 b6 2. Nc3 Bb7 3. e4 e6 4. d3 c5 5. g3 d6 6. Bg2 Nf6 7. Nge2 a6 8. O-O Qc7
9. h3 h5 10. Be3 Nbd7 11. f4 Be7 12. Rc1 g6 13. a3 O-O 14. Rf2 Rfe8 15. Qf1 Bf8
16. Bd2 b5 17. Bf3 bxc4 18. dxc4 Qb6 19. Rb1 e5 20. Qg2 Qb3 21. Nc1 Qb6 22. b3
Bg7 23. Nd3 Rab8 24. Kh1 Qc7 25. fxe5 Nxe5 26. Nxe5 Rxe5 27. Bf4 Re6 28. Nd5
Bxd5 29. exd5 Ree8 30. g4 hxg4 31. hxg4 Nd7 32. Qg3 Ne5 33. Be2 Rb6 34. Rbf1
Re7 35. Bd1 Rb8 36. Bg5 Ree8 37. Rh2 Qa5 38. Qh3 Kf8 39. Qh8+ 1-0

[Event "Campeonato Nacional da 1ª divisão"]
[Site "Torres Vedras"]
[Date "2011.07.28"]
[Round "6.3"]
[White "Padeiro, José "]
[Black "Lima, Darcy "]
[Result "0-1"]
[WhiteElo "2304"]
[BlackElo "2493"]
[PlyCount "72"]
[EventDate "2011.07.23"]

1. e4 c5 2. c3 b6 3. d4 Bb7 4. f3 e6 5. Be3 Nf6 6. Bd3 d5 7. e5 Nfd7 8. Qe2 Qc8
9. Bb5 Na6 10. a3 Nc7 11. Bd3 Ba6 12. f4 Bxd3 13. Qxd3 f5 14. g4 fxg4 15. f5
Be7 16. fxe6 Nf8 17. Ne2 Bh4+ 18. Ng3 Qxe6 19. O-O Bxg3 20. hxg3 c4 21. Qe2 Qg6
22. b3 cxb3 23. c4 Qe6 24. Nc3 dxc4 25. Bg5 h6 26. d5 Nxd5 27. Qxc4 Rc8 28.
Qxd5 Qxd5 29. Nxd5 hxg5 30. Rac1 Rxc1 31. Rxc1 Ng6 32. e6 O-O 33. Re1 Re8 34.
Nc7 Rc8 35. Nd5 b2 36. e7 Kf7 0-1

[Event "Campeonato Nacional da 1ª divisão"]
[Site "Torres Vedras"]
[Date "2011.07.28"]
[Round "6.3"]
[White "Fernando, Diogo Brigido"]
[Black "Carneiro, Carlos Alberto Carva"]
[Result "1-0"]
[WhiteElo "2467"]
[BlackElo "2278"]
[PlyCount "81"]
[EventDate "2011.07.23"]

1. c4 Nf6 2. Nc3 g6 3. g3 Bg7 4. Bg2 O-O 5. Nf3 d6 6. O-O e5 7. d3 Nc6 8. Rb1
Nh5 9. b4 f5 10. Bg5 Qe8 11. Nd5 Rf7 12. b5 Nd8 13. Bxd8 Qxd8 14. Qc1 f4 15. a4
g5 16. a5 g4 17. Nd2 Qf8 18. a6 f3 19. exf3 gxf3 20. Nxf3 Rxf3 21. Qg5 Qf7 22.
Ne7+ Kh8 23. Nxc8 Rxc8 24. Qg4 Rf5 25. Be4 b6 26. Qxf5 Qxf5 27. Bxf5 Rf8 28.
Be4 Bh6 29. Rb2 Ng7 30. Re2 Ne6 31. Bg2 Rf6 32. Rd1 Nd4 33. Re4 Ne6 34. Ree1
Kg7 35. Bd5 Nd4 36. Kg2 Kf8 37. Re4 Nf5 38. Rg4 Bg7 39. Be4 h5 40. Rg5 Nh6 41.
Rxh5 1-0

[Event "Campeonato Nacional da 1ª divisão"]
[Site "Torres Vedras"]
[Date "2011.07.28"]
[Round "6.3"]
[White "Santos, José Luis Machado Al"]
[Black "Vassalo Barroche, Maurício Flávio"]
[Result "0-1"]
[WhiteElo "2225"]
[BlackElo "2416"]
[PlyCount "82"]
[EventDate "2011.07.23"]

1. e4 d6 2. d4 Nf6 3. f3 g6 4. Be3 Bg7 5. Qd2 Nc6 6. Ne2 O-O 7. Bh6 Bxh6 8.
Qxh6 e5 9. d5 Nd4 10. Nxd4 exd4 11. Nd2 c6 12. dxc6 bxc6 13. h4 Be6 14. O-O-O
Qa5 15. Qg5 Qxg5 16. hxg5 Nh5 17. Bc4 c5 18. g4 Nf4 19. Rh2 Kg7 20. Bxe6 Nxe6
21. Rf1 Nf4 22. Nc4 Rad8 23. b3 Rh8 24. Nb2 f6 25. gxf6+ Kxf6 26. Nd3 Kg5 27.
Nf2 Rdf8 28. e5 d5 29. Kd2 Re8 30. Re1 Re7 31. c4 dxc3+ 32. Kxc3 Rhe8 33. Nh3+
Nxh3 34. Rxh3 a5 35. a3 Kf4 36. b4 axb4+ 37. axb4 cxb4+ 38. Kd4 b3 39. Kxd5
Rxe5+ 40. Rxe5 Rxe5+ 41. Kd4 b2 0-1

[Event "Campeonato Nacional da 1ª divisão"]
[Site "Torres Vedras"]
[Date "2011.07.28"]
[Round "6.4"]
[White "Leite, Catarina dos Anjos d"]
[Black "Finkler, Kai Andreas"]
[Result "1-0"]
[WhiteElo "2165"]
[BlackElo "2007"]
[PlyCount "67"]
[EventDate "2011.07.23"]

1. e4 Nf6 2. e5 Nd5 3. d4 d6 4. Nf3 Bg4 5. c4 Nb6 6. exd6 cxd6 7. h3 Bxf3 8.
Qxf3 Nc6 9. Be3 g6 10. Nc3 Bg7 11. Rd1 O-O 12. Be2 e5 13. d5 Nd4 14. Bxd4 exd4
15. Nb5 Qe7 16. O-O d3 17. Bxd3 Bxb2 18. Rfe1 Qd7 19. Re2 Be5 20. c5 Na4 21. c6
Qe7 22. Rde1 f6 23. Qe3 bxc6 24. dxc6 a6 25. Bc4+ Kg7 26. Nd4 Rfc8 27. f4 Nb6
28. Ne6+ Kh8 29. Qxb6 Rcb8 30. Qc7 Qxc7 31. Nxc7 Bd4+ 32. Kh1 Ra7 33. Re8+ Rxe8
34. Rxe8+ 1-0

[Event "Campeonato Nacional da 1ª divisão"]
[Site "Torres Vedras"]
[Date "2011.07.28"]
[Round "6.5"]
[White " Cabezas Ayala, Iván Rafael"]
[Black "Arauz Alonso, Fernando"]
[Result "1/2-1/2"]
[WhiteElo "2336"]
[BlackElo "2123"]
[PlyCount "195"]
[EventDate "2011.07.23"]

1. e4 c6 2. d4 d5 3. exd5 cxd5 4. c4 Nf6 5. Nc3 g6 6. cxd5 Bg7 7. Qb3 O-O 8.
Nge2 Na6 9. Nf4 Qb6 10. Be2 Bf5 11. O-O Rfd8 12. Be3 Qxb3 13. axb3 Nb4 14. h3
Nfxd5 15. Nfxd5 Nxd5 16. Nxd5 Rxd5 17. Rfc1 Bxd4 18. Bf3 Bxe3 19. Bxd5 Bxc1 20.
Rxc1 Rb8 21. Rc7 e6 22. Bxb7 a5 23. Bc6 Rxb3 24. Be8 f6 25. g4 Be4 26. Bf7+ Kf8
27. Bxe6 Rxb2 28. Ra7 g5 29. f3 Bxf3 30. Rxa5 Be4 31. Ra7 Rb7 32. Rxb7 Bxb7 33.
Kf2 Kg7 34. Kg3 Be4 35. Bd7 Bd3 36. Be8 Kf8 37. Bd7 Ke7 38. Bc8 Kd6 39. h4
gxh4+ 40. Kxh4 Ke5 41. Kg3 Bg6 42. Bb7 Bc2 43. Bc8 Bb1 44. Bb7 Bg6 45. Bc8 Ke4
46. Bb7+ Ke3 47. Bc8 Ke4 48. Bd7 Ke5 49. Bc8 Be4 50. Ba6 Bd5 51. Bc8 Be6 52.
Bb7 Bf7 53. Bc8 Bg6 54. Bb7 Ke6 55. Kf4 h6 56. Bc8+ Kf7 57. Bd7 Ke7 58. Bc8 Kd6
59. Bb7 Bd3 60. Bc8 Ke7 61. Bb7 Kf7 62. Bc6 Kg6 63. Be8+ Kh7 64. Bd7 Kg7 65.
Bc6 Bc2 66. Bd7 Bd1 67. Bc6 Bb3 68. Bd7 Bf7 69. Bc6 Bg6 70. Bd5 Kf8 71. Bc6 Ke7
72. Bb7 Kd6 73. Bc8 Kd5 74. Bb7+ Kd4 75. Bc8 Kd3 76. Bd7 Kd2 77. Bc8 Ke2 78.
Bd7 Kf2 79. Bc8 Kg2 80. Bd7 Kf2 81. Bc8 Ke2 82. Bd7 Kd2 83. Bc8 Kc3 84. Bd7 Kb4
85. Bc8 Kc5 86. Bd7 Kd6 87. Bf5 Bf7 88. Bh7 Be6 89. Bf5 Bc4 90. Bg6 Be6 91. Bf5
Bg8 92. Bg6 Be6 93. Bf5 Bb3 94. Bg6 Ba4 95. Kf5 Bd7+ 96. Kxf6 Bxg4 97. Kg7 h5
98. Bxh5 1/2-1/2

[Event "Campeonato Nacional da 1ª divisão"]
[Site "Torres Vedras"]
[Date "2011.07.28"]
[Round "6.5"]
[White "Mansilla Tolosa, Luis"]
[Black "Neves, Pedro Alexandre Maia"]
[Result "0-1"]
[WhiteElo "2073"]
[BlackElo "2198"]
[PlyCount "108"]
[EventDate "2011.07.23"]

1. c4 g6 2. Nc3 Bg7 3. g3 Nf6 4. Bg2 O-O 5. e3 d6 6. Nge2 e5 7. O-O c6 8. d4
Re8 9. b3 e4 10. f3 exf3 11. Bxf3 Bf5 12. Nf4 Qd7 13. Re1 Ne4 14. Nxe4 Bxe4 15.
Bxe4 Rxe4 16. Ne2 Re7 17. Nc3 Na6 18. Bb2 Rae8 19. Qd2 f5 20. d5 c5 21. Nb5
Bxb2 22. Qxb2 Nc7 23. Nxc7 Qxc7 24. Kf2 Re4 25. Rad1 Qe7 26. Qc3 h5 27. Rd3 h4
28. Rg1 b6 29. Qd2 Kf7 30. Rf1 Qg5 31. a4 Rh8 32. Rg1 Rg4 33. Qe1 hxg3+ 34.
hxg3 Rh2+ 35. Rg2 Qh6 36. Rxh2 Qxh2+ 37. Kf3 Qc2 38. Qd2 Qb1 39. Qd1 Qb2 40.
Qh1 Kg8 41. Qg2 Qb1 42. Qd2 Rg5 43. Qd1 Qb2 44. Rd2 Qe5 45. Rg2 Rh5 46. a5 bxa5
47. Qd2 Qe4+ 48. Kf2 a4 49. bxa4 Qxc4 50. Qa5 Qc2+ 51. Kg1 Qd1+ 52. Kf2 Rh1 53.
Qd8+ Kg7 54. Qe7+ Kh6 0-1

[Event "Campeonato Nacional da 1ª divisão"]
[Site "Torres Vedras"]
[Date "2011.07.28"]
[Round "6.5"]
[White "Andrada Andrada, Luís Javier"]
[Black "Saraiva, Tânia Andrea Vaz"]
[Result "1-0"]
[WhiteElo "2221"]
[BlackElo "1963"]
[PlyCount "51"]
[EventDate "2011.07.23"]

1. e4 c5 2. Nf3 e6 3. d3 Nc6 4. g3 d6 5. Bg2 Nf6 6. O-O Be7 7. c3 Rb8 8. Nbd2
e5 9. Nc4 b5 10. Ne3 g6 11. Nd2 Bd7 12. Qe2 Qc8 13. Nd5 Bd8 14. f4 O-O 15. fxe5
Nxd5 16. exd5 Nxe5 17. Ne4 Bg4 18. Qe3 Qd7 19. Nxc5 dxc5 20. Qxe5 Bc7 21. Qf6
Bd8 22. Qf2 Re8 23. Be3 Rc8 24. Rae1 Bb6 25. Bh6 Qd6 26. Qxf7+ 1-0